Underground literature during Indian emergency (Record no. 340849)

000 -LEADER
fixed length control field 00388cam a22001337a 4500
008 - FIXED-LENGTH DATA ELEMENTS--GENERAL INFORMATION
fixed length control field 180718b1978 xxu||||| |||| 00| 0 eng d
082 ## - DEWEY DECIMAL CLASSIFICATION NUMBER
Classification number N63x54 B299
245 ## - TITLE STATEMENT
Title Underground literature during Indian emergency
Statement of responsibility, etc. edited by Sajal Basu
260 ## - PUBLICATION, DISTRIBUTION, ETC.
Place of publication, distribution, etc. Calcutta
Name of publisher, distributor, etc. Minerva
Date of publication, distribution, etc. 1978
300 ## - PHYSICAL DESCRIPTION
Extent 242p.
650 ## - SUBJECT ADDED ENTRY--TOPICAL TERM
Topical term or geographic name entry element Prohibited books - India
650 ## - SUBJECT ADDED ENTRY--TOPICAL TERM
Topical term or geographic name entry element Censorship - India
700 ## - ADDED ENTRY--PERSONAL NAME
Personal name Basu, Sajal
Holdings
Withdrawn status Lost status Damaged status Not for loan Permanent Location Current Location Date acquired Full call number Barcode Date last seen Price effective from Koha item type
        Indian Institute of Public Administration Indian Institute of Public Administration 1993-09-15 N63x54 B299 56430 2018-07-21 2018-07-21 Book

Powered by Koha